[Event "EU-ch Hybrid U20 Girls"]
[Site "Tornelo INT"]
[Date "2021.10.15"]
[Round "4"]
[White "Heydarova, Aytaj"]
[Black "Schulze, Lara"]
[Result "0-1"]
[WhiteElo "1637"]
[BlackElo "2250"]
[PlyCount "80"]
[EventDate "2021.10.15"]
[EventType "tourn"]
[EventRounds "9"]
[EventCountry "NET"]
[SourceTitle "EXT 2023"]
[Source "ChessBase"]
[SourceDate "2022.10.05"]
[SourceVersion "1"]
[SourceVersionDate "2022.10.05"]
[SourceQuality "1"]
[WhiteTeam "Azerbaijan"]
[BlackTeam "Germany"]
[WhiteTeamCountry "AZE"]
[BlackTeamCountry "GER"]

1. e4 e5 2. Nf3 Nc6 3. Nc3 Nf6 4. a3 d5 5. Bb5 Nxe4 6. Qe2 Qd6 7. Nxe4 dxe4 8. Qxe4 Bd7 9. d4 f5 10. Qe2 e4 11. Bxc6 Qxc6 12. Ne5 Qe6 13. Bg5 Bd6 14. Nxd7 Qxd7 15. f3 0-0 16. fxe4 fxe4 17. 0-0-0 Qf5 18. Be3 b5 19. Rdf1 Qd5 20. Qg4 Kh8 21. Kb1 a5 22. Qg5 Qc4 23. Rf5 b4 24. b3 Qc3 25. Rxf8+ Rxf8 26. Bc1 bxa3 27. Qd2 Qxd2 28. Bxd2 Rf2 29. Bxa5 Rxg2 30. Re1 Rxh2 31. Rxe4 h5 32. c4 Rb2+ 33. Ka1 Rxb3 34. c5 Bg3 35. d5 Kh7 36. Re7 h4 37. Bxc7 Bxc7 38. Rxc7 h3 39. Re7 h2 40. Re1 Rg3 0-1

[Event "AZE-ch (Women)"]
[Site "Baku"]
[Date "2019.02.08"]
[Round "5"]
[White "Mammadova, Gulnar Marfat Qizi"]
[Black "Heydarova, Aytaj"]
[Result "1-0"]
[WhiteElo "2368"]
[BlackElo "1747"]
[PlyCount "75"]
[EventDate "2019.02.04"]
[EventType "swiss"]
[EventRounds "9"]
[EventCountry "AZE"]
[SourceTitle "CBM 188 Extra"]
[Source "ChessBase"]
[SourceDate "2019.02.26"]
[SourceVersion "1"]
[SourceVersionDate "2019.02.26"]
[SourceQuality "1"]

1. e4 c5 2. b3 e6 3. Nf3 d6 4. Bb2 Nf6 5. Bd3 e5 6. 0-0 Be7 7. c3 Bg4 8. h3 Bh5 9. Bb5+ Nbd7 10. Re1 0-0 11. d4 cxd4 12. cxd4 Rc8 13. Nbd2 exd4 14. Bxd4 a6 15. Bf1 Nc5 16. b4 Ne6 17. Qb3 d5 18. Bxf6 Bxf6 19. e5 Be7 20. a3 Bg6 21. Bd3 a5 22. Bxg6 hxg6 23. Rab1 axb4 24. axb4 d4 25. Ne4 Qb6 26. h4 Rfe8 27. g3 Bf8 28. Kg2 Qb5 29. Nfg5 Rc4 30. Qf3 Qd7 31. Nxe6 Rxe6 32. Ng5 Re8 33. e6 fxe6 34. Qd3 Rec8 35. Qxg6 Qd5+ 36. Re4 Qf5 37. Qh5 Rc2 38. Rf4 1-0

[Event "AZE-ch (Women)"]
[Site "Baku"]
[Date "2019.02.07"]
[Round "4"]
[White "Heydarova, Aytaj"]
[Black "Babazade, Jale"]
[Result "1/2-1/2"]
[WhiteElo "1747"]
[BlackElo "1823"]
[PlyCount "114"]
[EventDate "2019.02.04"]
[EventType "swiss"]
[EventRounds "9"]
[EventCountry "AZE"]
[SourceTitle "CBM 188 Extra"]
[Source "ChessBase"]
[SourceDate "2019.02.26"]
[SourceVersion "1"]
[SourceVersionDate "2019.02.26"]
[SourceQuality "1"]

1. Nf3 Nf6 2. g3 g6 3. Bg2 Bg7 4. d3 d6 5. 0-0 c6 6. c4 Bd7 7. Nc3 Qc8 8. Re1 0-0 9. Rb1 h6 10. b4 a6 11. Bb2 Bh3 12. Bh1 Nbd7 13. Qb3 e5 14. Nd2 Be6 15. a4 Ne8 16. Ba3 f5 17. Bg2 Rb8 18. Rec1 g5 19. Qd1 Qd8 20. b5 axb5 21. cxb5 c5 22. Nd5 b6 23. Nc4 Rf7 24. Qd2 Bf8 25. a5 bxa5 26. Nxa5 Qc8 27. Nc6 Rb7 28. b6 Bxd5 29. Bxd5 Nxb6 30. Bxf7+ Kxf7 31. Na5 Rb8 32. Rb3 Nd7 33. Rcb1 Rxb3 34. Rxb3 Nef6 35. e4 f4 36. f3 Be7 37. Qa2 Kg6 38. Nc4 Nf8 39. Rb6 N8d7 40. Rb1 Nf8 41. Rb6 Qe6 42. Qb2 N8d7 43. Ra6 h5 44. Qf2 Nb8 45. Rb6 Nbd7 46. Rb5 Qh3 47. Qg2 Qe6 48. Bc1 fxg3 49. Qxg3 g4 50. Ne3 Bf8 51. Nf5 c4 52. fxg4 hxg4 53. Qe3 cxd3 54. Qg5+ Kf7 55. Nh4 Nxe4 56. Qh5+ Kg7 57. Nf5+ Kf6 1/2-1/2

[Event "Wch U20 Girls 36th"]
[Site "Manavgat"]
[Date "2018.09.07"]
[Round "4"]
[White "Heydarova, Aytaj"]
[Black "Anacoglu, Cisel"]
[Result "1/2-1/2"]
[WhiteElo "1948"]
[BlackElo "1791"]
[PlyCount "65"]
[EventDate "2018.09.05"]
[EventType "swiss"]
[EventRounds "11"]
[EventCountry "TUR"]
[SourceTitle "CBM 186 Extra"]
[Source "ChessBase"]
[SourceDate "2018.08.24"]
[SourceVersion "1"]
[SourceVersionDate "2018.08.24"]
[SourceQuality "1"]

1. e4 e5 2. Nf3 Nc6 3. d4 exd4 4. Bc4 Nf6 5. 0-0 Nxe4 6. Re1 d5 7. Bxd5 Qxd5 8. Nc3 Qh5 9. Nxe4 Be6 10. Nxd4 Qxd1 11. Rxd1 0-0-0 12. Be3 Nxd4 13. Rxd4 Rxd4 14. Bxd4 Bf5 15. Re1 f6 16. f3 Bxe4 17. Rxe4 Bd6 18. Rg4 c5 19. Bc3 Bf8 20. Kf2 Kd7 21. h4 h5 22. Ra4 a6 23. Bd2 Bd6 24. Be3 Re8 25. g4 hxg4 26. Rxg4 Re7 27. h5 Ke6 28. a4 b5 29. axb5 axb5 30. b3 Ra7 31. Ke2 Ra2 32. Kd3 Kf7 33. h6 1/2-1/2

[Event "Wch U20 Girls 36th"]
[Site "Manavgat"]
[Date "2018.09.05"]
[Round "1"]
[White "Haussernot, Cecile"]
[Black "Heydarova, Aytaj"]
[Result "1-0"]
[WhiteElo "2237"]
[BlackElo "1948"]
[PlyCount "93"]
[EventDate "2018.09.05"]
[EventType "swiss"]
[EventRounds "11"]
[EventCountry "TUR"]
[SourceTitle "CBM 186 Extra"]
[Source "ChessBase"]
[SourceDate "2018.08.24"]
[SourceVersion "1"]
[SourceVersionDate "2018.08.24"]
[SourceQuality "1"]

1. e4 c5 2. Nf3 d6 3. d4 cxd4 4. Nxd4 Nf6 5. Nc3 g6 6. Be3 Bg7 7. f3 Nc6 8. Qd2 0-0 9. Bc4 Nxd4 10. Bxd4 Be6 11. Bxe6 fxe6 12. 0-0-0 Qa5 13. Kb1 Rac8 14. Qe1 Nd7 15. Bxg7 Kxg7 16. Rd4 b5 17. Qe3 b4 18. Ne2 e5 19. Rd5 Qc7 20. Rc1 Nb6 21. Rd3 Nc4 22. Qf2 a5 23. f4 Qb7 24. Qh4 Qxe4 25. Re1 Qb7 26. Rh3 h5 27. Rg3 Nd2+ 28. Ka1 Ne4 29. Re3 Rc5 30. Nd4 exd4 31. Rxe4 e5 32. fxe5 dxe5 33. g4 hxg4 34. Rxg4 Rf6 35. Qg5 Qc6 36. Rh4 Rxc2 37. Qh6+ Kf7 38. Rxd4 Qc8 39. Rd5 Rf5 40. Rxa5 Rc7 41. Rg1 Qg8 42. Qd2 Qf8 43. Ra6 g5 44. Qd3 Kg7 45. Qh3 Kg8 46. Rg6+ Rg7 47. Rh6 1-0

[Event "EU-ch U16 Girls 28th"]
[Site "Riga"]
[Date "2018.08.26"]
[Round "6"]
[White "Tomcikova, Dominika"]
[Black "Heydarova, Aytaj"]
[Result "0-1"]
[WhiteElo "1915"]
[BlackElo "2052"]
[PlyCount "37"]
[EventDate "2018.08.20"]
[EventType "swiss"]
[EventRounds "9"]
[EventCountry "LAT"]
[SourceTitle "CBM 186 Extra"]
[Source "ChessBase"]
[SourceDate "2018.08.24"]
[SourceVersion "1"]
[SourceVersionDate "2018.08.24"]
[SourceQuality "1"]

1. e4 c5 2. Nc3 Nc6 3. Bb5 d6 4. Bxc6+ bxc6 5. f4 g6 6. Nf3 Bg7 7. d3 Nf6 8. 0-0 0-0 9. Qe1 Re8 10. Kh1 Qc7 11. Ne2 Rb8 12. e5 Nd5 13. a3 f6 14. exd6 exd6 15. c4 Ne7 16. Nc3 Bf8 17. Qd1 d5 18. Nh4 Bd7 19. Qa4 0-1

[Event "EU-ch U16 Girls 28th"]
[Site "Riga"]
[Date "2018.08.24"]
[Round "5"]
[White "Heydarova, Aytaj"]
[Black "Kocyigit, Buse Naz"]
[Result "0-1"]
[WhiteElo "2052"]
[BlackElo "1950"]
[PlyCount "60"]
[EventDate "2018.08.20"]
[EventType "swiss"]
[EventRounds "9"]
[EventCountry "LAT"]
[SourceTitle "CBM 186 Extra"]
[Source "ChessBase"]
[SourceDate "2018.08.24"]
[SourceVersion "1"]
[SourceVersionDate "2018.08.24"]
[SourceQuality "1"]

1. e4 e5 2. Nf3 d6 3. d4 exd4 4. Nxd4 Nf6 5. Nc3 Be7 6. g3 0-0 7. Bg2 Bd7 8. 0-0 Nc6 9. Nf5 Bxf5 10. exf5 Rb8 11. g4 Ne8 12. Nd5 Bh4 13. f4 h6 14. Qd2 Nf6 15. Nxf6+ Bxf6 16. g5 Bd4+ 17. Kh1 Bb6 18. Be4 hxg5 19. fxg5 Re8 20. Qg2 Qe7 21. Bd3 Nb4 22. f6 Qe6 23. Bf4 Nxd3 24. cxd3 Qe2 25. Qh3 Re6 26. fxg7 Kxg7 27. Qf5 Qh5 28. Bd2 Bd4 29. Rac1 Rh8 30. h3 Qxh3+ 0-1

[Event "EU-ch U16 Girls 28th"]
[Site "Riga"]
[Date "2018.08.21"]
[Round "2"]
[White "Kulpa, Zuzanna"]
[Black "Heydarova, Aytaj"]
[Result "0-1"]
[WhiteElo "1731"]
[BlackElo "2052"]
[PlyCount "84"]
[EventDate "2018.08.20"]
[EventType "swiss"]
[EventRounds "9"]
[EventCountry "LAT"]
[SourceTitle "CBM 186 Extra"]
[Source "ChessBase"]
[SourceDate "2018.08.24"]
[SourceVersion "1"]
[SourceVersionDate "2018.08.24"]
[SourceQuality "1"]

1. d4 Nf6 2. c4 e6 3. Nf3 Bb4+ 4. Bd2 a5 5. g3 0-0 6. Bg2 d5 7. 0-0 Nbd7 8. a3 Bxd2 9. Nbxd2 b6 10. Rc1 Rb8 11. Qc2 Ba6 12. Rfe1 c5 13. cxd5 exd5 14. e3 Qe7 15. Qb1 Ne4 16. Qa2 Ndf6 17. Nxe4 dxe4 18. Ne5 Rbc8 19. Qb3 b5 20. a4 b4 21. Qa2 Qd6 22. Red1 cxd4 23. Rxc8 Bxc8 24. exd4 Be6 25. Qb1 Bb3 26. Rd2 Rc8 27. h4 g6 28. Kh2 Qd5 29. Qa1 h5 30. Bh3 Rc7 31. Bg2 Ne8 32. Qe1 Nd6 33. f3 Bc2 34. Qc1 b3 35. fxe4 Nxe4 36. Re2 Qd6 37. Qe3 Nf6 38. Qd2 Qb6 39. Qg5 Kg7 40. Rf2 Bb1 41. Rf1 Bc2 42. Qf4 Bf5 0-1

[Event "EU-ch U16 Girls 27th"]
[Site "Mamaia"]
[Date "2017.09.05"]
[Round "1"]
[White "Heydarova, Aytaj"]
[Black "Goltseva, Ekaterina"]
[Result "0-1"]
[WhiteElo "1850"]
[BlackElo "2214"]
[PlyCount "112"]
[EventDate "2017.09.05"]
[EventType "swiss"]
[EventRounds "9"]
[EventCountry "ROU"]
[SourceTitle "CBM 180 Extra"]
[Source "ChessBase"]
[SourceDate "2017.10.06"]
[SourceVersion "1"]
[SourceVersionDate "2017.10.06"]
[SourceQuality "1"]

1. Nf3 d5 2. g3 Nf6 3. Bg2 g6 4. 0-0 Bg7 5. d3 0-0 6. c3 c5 7. Nbd2 Nc6 8. e4 e6 9. Qc2 a5 10. a4 b6 11. Rd1 Ba6 12. Nf1 Rc8 13. Bf4 Re8 14. Ne5 Bb7 15. Nxc6 Bxc6 16. Qb3 h6 17. Be5 Ng4 18. Bxg7 Kxg7 19. h3 Nf6 20. Ne3 Rb8 21. e5 Nd7 22. d4 b5 23. axb5 Rxb5 24. Qc2 cxd4 25. cxd4 Qb6 26. Qc3 Rb4 27. b3 Rc8 28. Ra3 Bb7 29. Qd2 h5 30. Bf1 Nb8 31. g4 h4 32. Ra4 Rxb3 33. Qxa5 Qc6 34. Raa1 Qc3 35. Qxc3 Rcxc3 36. Rab1 g5 37. Rxb3 Rxb3 38. Nc2 Nc6 39. Kg2 f6 40. exf6+ Kxf6 41. Rd3 Rxd3 42. Bxd3 e5 43. dxe5+ Kxe5 44. Kf1 Nd4 45. Ne3 Ne6 46. Ng2 Nf4 47. Nxf4 Kxf4 48. Ke1 d4 49. Bf1 Be4 50. Ke2 d3+ 51. Kd2 Kf3 52. Bxd3 Bxd3 53. Kxd3 Kxf2 54. Ke4 Kg3 55. Kf5 Kxh3 56. Kxg5 Kg3 0-1

[Event "World School-ch U15 Girls"]
[Site "Sochi"]
[Date "2016.12.08"]
[Round "6"]
[White "Heydarova, Aytaj"]
[Black "Engelbrecht, Hanri"]
[Result "1-0"]
[WhiteElo "1724"]
[BlackElo "1587"]
[PlyCount "103"]
[EventDate "2016.12.03"]
[EventType "swiss"]
[EventRounds "9"]
[EventCountry "RUS"]
[SourceTitle "EXT 2018"]
[Source "ChessBase"]
[SourceDate "2017.10.13"]
[SourceVersion "1"]
[SourceVersionDate "2017.10.13"]
[SourceQuality "1"]

1. Nf3 c5 2. g3 d6 3. Bg2 Nf6 4. 0-0 e6 5. c3 Be7 6. d4 cxd4 7. cxd4 Nbd7 8. Nc3 0-0 9. e4 Rb8 10. Qe2 a6 11. a4 b6 12. Nd2 Bb7 13. b3 Re8 14. Bb2 e5 15. d5 Rc8 16. Rac1 Rc7 17. Ba3 Qc8 18. Nc4 Nf8 19. Nxb6 Qb8 20. Nc4 Qc8 21. Qd3 Rd8 22. Bb4 Qg4 23. Ba5 Rcc8 24. Bxd8 Rxd8 25. Na5 Bc8 26. Nc6 Re8 27. Na2 Ng6 28. Nab4 h5 29. h3 Qg5 30. Qe3 Qxe3 31. fxe3 Bb7 32. Rc3 Bd8 33. Nxd8 Rxd8 34. Rc7 Bc8 35. Rfc1 Bd7 36. Nxa6 Nf8 37. R7c3 g5 38. Nc7 Rb8 39. a5 Bc8 40. a6 Bxa6 41. Nxa6 Ra8 42. Rc6 Ne8 43. b4 Kg7 44. Nc7 Nxc7 45. Rxc7 g4 46. b5 Rb8 47. Bf1 gxh3 48. R1c6 Nh7 49. Rc8 Rb7 50. b6 Ng5 51. Ba6 Nf3+ 52. Kh1 1-0

[Event "EU-ch U14 Girls 25th"]
[Site "Porec"]
[Date "2015.09.29"]
[Round "8"]
[White "Ozbay, Ece"]
[Black "Heydarova, Aytaj"]
[Result "1/2-1/2"]
[WhiteElo "1817"]
[BlackElo "1760"]
[PlyCount "111"]
[EventDate "2015.09.21"]
[EventType "swiss"]
[EventRounds "9"]
[EventCountry "CRO"]
[SourceTitle "EXT 2016"]
[Source "ChessBase"]
[SourceDate "2015.10.08"]
[SourceVersion "1"]
[SourceVersionDate "2015.10.08"]
[SourceQuality "1"]

1. e4 c5 2. Nf3 d6 3. d4 cxd4 4. Qxd4 a6 5. Be3 Nc6 6. Qd2 Nf6 7. Nc3 e6 8. 0-0-0 Be7 9. h3 b5 10. Bd3 Bb7 11. Rhe1 Rc8 12. g4 Qa5 13. Kb1 0-0 14. g5 Nd7 15. h4 Nc5 16. h5 b4 17. Ne2 Ne5 18. Nxe5 dxe5 19. Bxc5 Bxc5 20. f4 Qb6 21. Nc1 Bf2 22. Re2 Bg3 23. fxe5 Bxe5 24. Nb3 a5 25. Qe3 Qc7 26. Qa7 Ra8 27. Qc5 a4 28. Qxc7 Bxc7 29. Nc5 Bc6 30. Bc4 Rfd8 31. Ree1 Bb6 32. Nd3 Rd4 33. b3 axb3 34. axb3 Bxe4 35. Ne5 Ra5 36. Nd7 Ba7 37. h6 Rxg5 38. Kb2 Bc6 39. Nb8 Be8 40. Ra1 Bc5 41. Na6 Bf8 42. Nc7 Bc6 43. Ra6 Bd7 44. hxg7 Kxg7 45. Ra7 Bc5 46. Rb7 Kf6 47. Na6 h5 48. Rf1+ Kg7 49. Nb8 Be8 50. Bxe6 Rd6 51. Bxf7 Bd4+ 52. Kb1 Bxf7 53. Rbxf7+ Kg6 54. Nd7 Bg7 55. Nf8+ Kh6 56. Ra7 1/2-1/2

[Event "EU-ch U14 Girls 25th"]
[Site "Porec"]
[Date "2015.09.24"]
[Round "4"]
[White "Maksimovic, Masa"]
[Black "Heydarova, Aytaj"]
[Result "0-1"]
[WhiteElo "1898"]
[BlackElo "1760"]
[PlyCount "68"]
[EventDate "2015.09.21"]
[EventType "swiss"]
[EventRounds "9"]
[EventCountry "CRO"]
[SourceTitle "EXT 2016"]
[Source "ChessBase"]
[SourceDate "2015.10.08"]
[SourceVersion "1"]
[SourceVersionDate "2015.10.08"]
[SourceQuality "1"]

1. e4 c5 2. Nf3 d6 3. d4 cxd4 4. Nxd4 Nf6 5. Nc3 g6 6. Be3 Bg7 7. f3 0-0 8. Qd2 Nc6 9. 0-0-0 Bd7 10. g4 a6 11. h4 h5 12. gxh5 Nxh5 13. Bc4 Rc8 14. Bb3 Na5 15. Bh6 b5 16. Bxg7 Kxg7 17. Rdg1 e5 18. Nde2 Nxb3+ 19. axb3 Be6 20. Kb1 b4 21. Nd5 Bxd5 22. Qxd5 Rc5 23. Qd2 Qf6 24. Qd3 Rfc8 25. Rc1 a5 26. Qe3 Ra8 27. Rcd1 a4 28. Rd5 Rxd5 29. exd5 a3 30. Qe4 axb2 31. Kxb2 Rb8 32. Nc1 Ng3 33. Qe1 Nxh1 34. Qxh1 e4+ 0-1

[Event "EU-ch U12 Girls 24th"]
[Site "Batumi"]
[Date "2014.10.20"]
[Round "2"]
[White "Heydarova, Aytaj"]
[Black "Fonyak, Marina"]
[Result "1-0"]
[WhiteElo "1605"]
[BlackElo "1484"]
[PlyCount "81"]
[EventDate "2014.10.19"]
[EventType "swiss"]
[EventRounds "9"]
[EventCountry "GEO"]
[SourceTitle "EXT 2016"]
[Source "ChessBase"]
[SourceDate "2015.10.08"]
[SourceVersion "1"]
[SourceVersionDate "2015.10.08"]
[SourceQuality "1"]

1. d4 Nf6 2. c4 e5 3. dxe5 Ng4 4. Bf4 Nc6 5. Nf3 Bb4+ 6. Nbd2 Qe7 7. e3 Ngxe5 8. Nxe5 Nxe5 9. Be2 0-0 10. 0-0 d6 11. Nb3 a5 12. a3 Bc5 13. Nxc5 dxc5 14. Qd5 Ng6 15. Bg5 Qe5 16. Qxe5 Nxe5 17. Be7 Re8 18. Bxc5 Be6 19. Rac1 Red8 20. Bd4 Nc6 21. Bc3 Ne7 22. Rfd1 a4 23. Bf3 c6 24. Bb4 Ng6 25. Bd6 Rd7 26. Rd4 Rad8 27. c5 f6 28. Rcd1 Kf7 29. R1d2 Ke8 30. Bh5 Ra8 31. f4 Kd8 32. e4 f5 33. g4 fxe4 34. f5 Nh4 35. fxe6 Nf3+ 36. Kf2 Nxd2 37. exd7 Nb3 38. Rxe4 Ra6 39. Be8 Ra5 40. Be7+ Kc7 41. d8Q# 1-0

[Event "Wch U12 Girls"]
[Site "Al Ain"]
[Date "2013.12.26"]
[Round "9"]
[White "Heydarova, Aytaj"]
[Black "Sivarajasingam, Shayanna"]
[Result "1-0"]
[WhiteElo "1586"]
[BlackElo "1444"]
[PlyCount "71"]
[EventDate "2013.12.18"]
[EventType "swiss"]
[EventRounds "11"]
[EventCountry "UAE"]
[SourceTitle "CBM 158 Extra"]
[Source "ChessBase"]
[SourceDate "2014.02.28"]
[SourceVersion "1"]
[SourceVersionDate "2014.02.28"]
[SourceQuality "1"]

1. d4 d5 2. c4 e6 3. Nc3 Nf6 4. Bg5 Be7 5. Nf3 0-0 6. e3 h6 7. Bh4 Ne4 8. Bxe7 Qxe7 9. Bd3 Nxc3 10. bxc3 dxc4 11. Bxc4 c5 12. 0-0 cxd4 13. cxd4 b6 14. Qe2 Bb7 15. e4 Nd7 16. Nd2 Nf6 17. e5 Nd5 18. Ne4 Rfd8 19. f4 Nc7 20. Nd6 Bd5 21. Bd3 Ne8 22. Nxe8 Qxe8 23. f5 exf5 24. Rxf5 Be6 25. Rf4 Rab8 26. Raf1 Bd5 27. Qg4 Qd7 28. Qg3 Bxa2 29. Rg4 g5 30. Qh4 Be6 31. Qxh6 Bxg4 32. Bh7+ Kh8 33. Bg6+ Kg8 34. Qh7+ Kf8 35. Rxf7+ Ke8 36. Qg8# 1-0

[Event "Wch U12 Girls"]
[Site "Al Ain"]
[Date "2013.12.21"]
[Round "4"]
[White "Heydarova, Aytaj"]
[Black "Priyanka, Nutakki"]
[Result "0-1"]
[WhiteElo "1586"]
[BlackElo "1762"]
[PlyCount "120"]
[EventDate "2013.12.18"]
[EventType "swiss"]
[EventRounds "11"]
[EventCountry "UAE"]
[SourceTitle "CBM 158 Extra"]
[Source "ChessBase"]
[SourceDate "2014.02.28"]
[SourceVersion "1"]
[SourceVersionDate "2014.02.28"]
[SourceQuality "1"]

1. d4 Nf6 2. Nf3 d5 3. c4 e6 4. Nc3 Bb4 5. Bd2 0-0 6. e3 c5 7. Bd3 Nc6 8. a3 cxd4 9. exd4 Be7 10. c5 a5 11. Na4 Re8 12. 0-0 Qc7 13. Re1 Nd7 14. Nc3 b6 15. Nb5 Qb8 16. b4 Ba6 17. Qe2 e5 18. dxe5 bxc5 19. e6 Bf6 20. exf7+ Kxf7 21. Ng5+ Bxg5 22. Qh5+ Kf8 23. Rxe8+ Qxe8 24. Qxg5 Qe5 25. Qxe5 Ndxe5 26. Nc7 Ra7 27. Nxa6 Nxd3 28. Nxc5 Nxc5 29. bxc5 Rb7 30. Bf4 Rb3 31. Bd6+ Ke8 32. h3 Kd7 33. Kh2 d4 34. f3 d3 35. Bf4 Nd4 36. a4 Kc6 37. Bd2 Kxc5 38. Bxa5 Rb2 39. Rc1+ Kd5 40. Rd1 Nxf3+ 41. Kg3 Ne5 42. Bc3 Rb3 43. Bxe5 Kxe5 44. a5 Ra3 45. a6 Kd4 46. Kf3 Rxa6 47. g4 g5 48. Rb1 Rf6+ 49. Kg3 d2 50. Rb8 Rd6 51. Rb1 Ke3 52. Rb3+ Ke2 53. Rb1 d1Q 54. Rxd1 Rxd1 55. Kg2 Rd3 56. h4 gxh4 57. Kh2 Kf2 58. g5 Re3 59. g6 hxg6 60. Kh1 Rh3# 0-1

[Event "EU-ch U12 Girls 23rd"]
[Site "Budva"]
[Date "2013.10.08"]
[Round "9"]
[White "Urh, Zala"]
[Black "Heydarova, Aytaj"]
[Result "1/2-1/2"]
[WhiteElo "1500"]
[BlackElo "1613"]
[PlyCount "135"]
[EventDate "2013.09.29"]
[EventType "swiss"]
[EventRounds "9"]
[EventCountry "MNE"]
[SourceTitle "EXT 2014"]
[Source "ChessBase"]
[SourceDate "2013.11.20"]
[SourceVersion "1"]
[SourceVersionDate "2013.11.20"]
[SourceQuality "1"]

1. e4 c5 2. Nf3 Nc6 3. d4 cxd4 4. Nxd4 Nf6 5. Nc3 e5 6. Ndb5 d6 7. Bg5 a6 8. Na3 b5 9. Nd5 Be7 10. Bxf6 Bxf6 11. c3 Bg5 12. Nc2 0-0 13. a4 bxa4 14. Rxa4 Ne7 15. Ncb4 a5 16. Nxe7+ Bxe7 17. Nd5 f5 18. Ne3 Bd7 19. Ra1 f4 20. Qd5+ Kh8 21. Nc4 Be8 22. Rxa5 Bf7 23. Qxa8 Qxa8 24. Rxa8 Rxa8 25. Na3 d5 26. exd5 Bxd5 27. Nc2 Ra2 28. Kd2 Rxb2 29. Kc1 Ra2 30. Kb1 Ra8 31. f3 Bf6 32. Bd3 Rc8 33. Kb2 e4 34. Bxe4 Bxc3+ 35. Kb1 Bxe4 36. fxe4 Re8 37. Rd1 h6 38. Rd3 Bf6 39. g3 Rxe4 40. gxf4 Rxf4 41. h3 Kh7 42. Kc1 Kg6 43. Kd1 Rf2 44. Rd2 Rxd2+ 45. Kxd2 Kh5 46. Ke2 Kh4 47. Kf2 Kxh3 48. Kg1 Kg3 49. Kh1 g5 50. Nd4 Kf2 51. Ne6 g4 52. Nf4 g3 53. Ng2 h5 54. Nh4 Ke2 55. Nf5 Kf3 56. Nxg3 Kxg3 57. Kg1 h4 58. Kh1 h3 59. Kg1 Be5 60. Kh1 Kf3 61. Kg1 Bg3 62. Kh1 Kg4 63. Kg1 Kh4 64. Kh1 Kg4 65. Kg1 h2+ 66. Kh1 Kh4 67. Kg2 Kg4 68. Kh1 1/2-1/2

[Event "EU-ch U12 Girls 23rd"]
[Site "Budva"]
[Date "2013.10.05"]
[Round "6"]
[White "Kaczmarska, Joanna"]
[Black "Heydarova, Aytaj"]
[Result "1-0"]
[WhiteElo "1700"]
[BlackElo "1613"]
[PlyCount "105"]
[EventDate "2013.09.29"]
[EventType "swiss"]
[EventRounds "9"]
[EventCountry "MNE"]
[SourceTitle "EXT 2014"]
[Source "ChessBase"]
[SourceDate "2013.11.20"]
[SourceVersion "1"]
[SourceVersionDate "2013.11.20"]
[SourceQuality "1"]

1. d4 d5 2. c4 e6 3. Nc3 Nf6 4. cxd5 exd5 5. Bg5 Be7 6. e3 c6 7. Bd3 Nbd7 8. Qe2 0-0 9. Nf3 Re8 10. h3 Nf8 11. 0-0 Ne4 12. Bf4 Ng5 13. Nxg5 Bxg5 14. Bxg5 Qxg5 15. f4 Qf6 16. Rae1 Bd7 17. f5 Re7 18. Rf4 h6 19. Qf2 Nh7 20. e4 Qd6 21. e5 Qb8 22. f6 Nxf6 23. Rf1 Nh7 24. Rxf7 Qd8 25. Bxh7+ Kxh7 26. Qc2+ Kh8 27. Qg6 Rxf7 28. Rxf7 Qg5 29. Qxg5 hxg5 30. Rxd7 Re8 31. Kf2 Kh7 32. Rxb7 Kg6 33. Rc7 Re6 34. Rxa7 Kh7 35. Ra6 Rg6 36. Nxd5 cxd5 37. Rxg6 Kxg6 38. a4 Kf5 39. Ke3 Ke6 40. a5 Kd7 41. a6 Kc7 42. e6 Kb6 43. e7 Kxa6 44. e8Q Kb7 45. Qd7+ Kb6 46. Qxd5 Ka7 47. Qb5 Ka8 48. d5 Ka7 49. d6 g6 50. d7 g4 51. d8R gxh3 52. Rb8 g5 53. Qb6# 1-0

[Event "World School-ch U11 Girls 9th"]
[Site "Porto Carras"]
[Date "2013.05.10"]
[Round "5"]
[White "Sade, Defne"]
[Black "Heydarova, Aytaj"]
[Result "0-1"]
[WhiteElo "1514"]
[BlackElo "1646"]
[PlyCount "170"]
[EventDate "2013.05.07"]
[EventType "swiss"]
[EventRounds "9"]
[EventCountry "GRE"]
[SourceTitle "CBM 154 Extra"]
[Source "ChessBase"]
[SourceDate "2013.06.25"]
[SourceVersion "2"]
[SourceVersionDate "2013.06.25"]
[SourceQuality "1"]

1. e4 c5 2. Nf3 Nc6 3. d4 cxd4 4. Nxd4 Nf6 5. Nc3 e5 6. Ndb5 d6 7. Bg5 a6 8. Na3 b5 9. Nd5 Be7 10. Bxf6 Bxf6 11. c3 Bg5 12. Nc2 0-0 13. Be2 Bb7 14. Qd3 Ne7 15. Ncb4 Rb8 16. Rd1 a5 17. Nxe7+ Bxe7 18. Nd5 Bxd5 19. Qxd5 Qb6 20. 0-0 Rfc8 21. Rc1 Rc5 22. Qd2 h6 23. Qd3 Qb7 24. Rfd1 Rbc8 25. Qf3 b4 26. Rd3 bxc3 27. bxc3 Qb2 28. Rcd1 Rxc3 29. Rxc3 Rxc3 30. Qg4 Qxa2 31. Bf3 Qe6 32. Qxe6 fxe6 33. Ra1 Rc5 34. Kf1 Bd8 35. Rb1 Kf7 36. Rb7+ Kf6 37. Rd7 Bc7 38. Bh5 g6 39. Bd1 d5 40. f3 d4 41. Ke2 Rc3 42. h4 Bb6 43. Rd6 Bc5 44. Rc6 Re3+ 45. Kf2 Bb4 46. Be2 Rc3 47. Rxc3 Bxc3 48. Bd1 Ke7 49. Ke2 Kd6 50. Bb3 Ke7 51. Kf2 Bd2 52. g4 Bf4 53. h5 gxh5 54. gxh5 d3 55. Ke1 Kf6 56. Ba4 Kg5 57. Be8 Kh4 58. Kf2 d2 59. Ke2 Kg3 60. Bc6 Kh4 61. Be8 a4 62. Bxa4 Kxh5 63. Kf2 Kh4 64. Kg2 h5 65. Bb3 Kg5 66. Kh3 Be3 67. Bd1 h4 68. Be2 Bf2 69. Kg2 Bg3 70. Bd1 Kf4 71. Kf1 Ke3 72. Be2 h3 73. Bd1 h2 74. Kg2 Bf4 75. Ba4 Ke2 76. Bb5+ Ke1 77. Ba4 d1Q 78. Bxd1 Kxd1 79. Kh1 Ke2 80. Kg2 h1Q+ 81. Kxh1 Kxf3 82. Kg1 Kxe4 83. Kf2 Kd3 84. Kf3 e4+ 85. Kxf4 e3 0-1